000 01489nam0a2200385 4500
001 RU\NLR\BIBL_A\010305757
005 20250614031943.0
010 _a978-5-353-06723-8
021 _aRU
_b2014-10477
_9669
021 _aRU
_b2014-14287
_9917
035 _a(NILC)RuMoRGB-006747210
035 _a(NLR Aleph) 010305757
090 _a10616387
_c10616387
100 _a20140414d2014 |||y0rusy50 ca
101 0 _arus
102 _aRU
105 _aa|||z|||000yy
200 1 _aОвощи, фрукты, ягоды
_e[лучшая энциклопедия для малышей
_eдля детей до 3-х лет
_fотв. ред.: Н.И. Котякова]
210 _aМосква
_cРосмэн
_d2014
215 _a[24] с.
_cцв. ил.
_d27
225 1 _aМир в картинках
333 _a0+
606 1 _aОвощи
_jЭнциклопедии для детей
_91172079
_3RU\NLR\AUTH\66152844
606 1 _aФрукты
_jЭнциклопедии для детей
_9945779
_3RU\NLR\AUTH\66350654
606 1 _aЯгоды
_jЭнциклопедии для детей
_9929611
_3RU\NLR\AUTH\6623516
675 _a087.5:634/635
686 0 _aШ9
_bЕ5
702 1 _aКотякова
_bН.И.
_gНаталья Игоревна
_4340
801 0 _aRU
_bRuMoRKP
_c20140227
_gRCR
801 2 _aRU
_bРГБ
_c20140317
_grcr
942 _cBOOK
980 _aNB